| 000 | 00725nam a22002537a 4500 | ||
|---|---|---|---|
| 001 | 23330 | ||
| 003 | UA-OsUOA | ||
| 005 | 20230115140015.0 | ||
| 007 | ta | ||
| 008 | 20040119b un ||||| |||| 00| 0 ukr d | ||
| 020 | _a5-7763-8288-4 | ||
| 040 |
_aUA-OsUOA _brus _cUA-OsUOA _dUA-OsUOA |
||
| 041 | _arus | ||
| 044 | _aUA | ||
| 080 | _a141.7(075.8) | ||
| 090 |
_a141.7(075.8) _bС69 |
||
| 245 |
_aСоциальная философия _bучебник _cред. В. П. Андрущенко, Н. И. Горлача |
||
| 260 |
_aКиев _bЕдинорог _c2001 |
||
| 300 | _a736 с. | ||
| 650 | 7 | _2UDC | |
| 942 |
_cBK _2udc |
||
| 955 | _a0 | ||
| 999 |
_c309576 _d309576 |
||